<?xml version="1.0" encoding="UTF-8"?>
<record
    xmlns:xsi="http://www.w3.org/2001/XMLSchema-instance"
    xsi:schemaLocation="http://www.loc.gov/MARC21/slim http://www.loc.gov/standards/marcxml/schema/MARC21slim.xsd"
    xmlns="http://www.loc.gov/MARC21/slim">

  <leader>01782nam a2200337   4500</leader>
  <controlfield tag="001">114283</controlfield>
  <controlfield tag="003">DR-UNIBE</controlfield>
  <controlfield tag="005">20260120062554.0</controlfield>
  <controlfield tag="008">251204b2025    dr ||||| |||| 00| 1 spa d</controlfield>
  <datafield tag="020" ind1=" " ind2=" ">
    <subfield code="a">9789945510911</subfield>
  </datafield>
  <datafield tag="040" ind1=" " ind2=" ">
    <subfield code="a">BIBLIOTECA UNIBE</subfield>
    <subfield code="b">spa</subfield>
    <subfield code="c">BIBLIOTECA UNIBE</subfield>
    <subfield code="e">rda</subfield>
  </datafield>
  <datafield tag="041" ind1=" " ind2=" ">
    <subfield code="a">spa</subfield>
  </datafield>
  <datafield tag="090" ind1=" " ind2=" ">
    <subfield code="a">FBIU-EN NI-SA235L 2025</subfield>
  </datafield>
  <datafield tag="100" ind1="1" ind2="0">
    <subfield code="a">Santis, G&#xE9;raldine de, </subfield>
    <subfield code="d">1980-</subfield>
    <subfield code="9">53457</subfield>
    <subfield code="e">autor</subfield>
  </datafield>
  <datafield tag="245" ind1="1" ind2="3">
    <subfield code="a"> La temible banda de los atracadores de sue&#xF1;os /</subfield>
    <subfield code="c">Geraldin de Santis ; coordinaci&#xF3;n editorial: Clara Dobarro ; edici&#xF3;n : Mar&#xED;a del Carmen Vicente, Clara Dobarro ; dise&#xF1;o de cubierta: Elizabeth L&#xF3;pez Rosario ;  diagramaci&#xF3;n y arte final: Amado Santana ;  ilustraciones de interior y cubierta:  Wi-Hen Fung ; foto de solapa: Onasis Paulino ; presentaci&#xF3;n : Dulce Elvira de los Santos</subfield>
  </datafield>
  <datafield tag="250" ind1=" " ind2=" ">
    <subfield code="a">Segunda edici&#xF3;n</subfield>
  </datafield>
  <datafield tag="260" ind1=" " ind2=" ">
    <subfield code="a">Santo Domingo :</subfield>
    <subfield code="b"> Editora Nacional, </subfield>
    <subfield code="c">2025</subfield>
  </datafield>
  <datafield tag="300" ind1=" " ind2=" ">
    <subfield code="a">186 p&#xE1;ginas : </subfield>
    <subfield code="b">ilustraciones en b/n ;</subfield>
    <subfield code="c">20 x 12 cm</subfield>
  </datafield>
  <datafield tag="504" ind1=" " ind2=" ">
    <subfield code="a">Premio Anual de Literatura Infantil y Juvenil "Aurora Tav&#xE1;rez Belliard" 2023. Incluye datos del autor en las solapas</subfield>
  </datafield>
  <datafield tag="653" ind1=" " ind2="7">
    <subfield code="a"> Novela infantil dominicana</subfield>
  </datafield>
  <datafield tag="653" ind1=" " ind2="7">
    <subfield code="a">Literatura infantil dominicana </subfield>
  </datafield>
  <datafield tag="653" ind1=" " ind2="7">
    <subfield code="a">Espionaje - Novela infantil dominicana</subfield>
  </datafield>
  <datafield tag="700" ind1=" " ind2=" ">
    <subfield code="a">Dobarro, Clara</subfield>
    <subfield code="9">142384</subfield>
    <subfield code="e">coordinador editorial</subfield>
    <subfield code="e">editor</subfield>
  </datafield>
  <datafield tag="700" ind1=" " ind2=" ">
    <subfield code="a">Vicente, Mar&#xED;a del Carmen </subfield>
    <subfield code="9">142383</subfield>
    <subfield code="e">editor</subfield>
  </datafield>
  <datafield tag="700" ind1=" " ind2=" ">
    <subfield code="a">L&#xF3;pez Rosario, Elizabeth</subfield>
    <subfield code="9">191723</subfield>
    <subfield code="e">dise&#xF1;ador de cubierta</subfield>
  </datafield>
  <datafield tag="700" ind1=" " ind2=" ">
    <subfield code="a">Santana, Amado,</subfield>
    <subfield code="q">(Santana Chalas, Amado Alexis)</subfield>
    <subfield code="e">diagramador</subfield>
    <subfield code="e">arte final</subfield>
    <subfield code="9">47845</subfield>
  </datafield>
  <datafield tag="700" ind1=" " ind2=" ">
    <subfield code="a">Fung, Wi-Hen</subfield>
    <subfield code="9">126967</subfield>
    <subfield code="e">ilustrador</subfield>
  </datafield>
  <datafield tag="700" ind1=" " ind2=" ">
    <subfield code="a">Paulino, Onasis</subfield>
    <subfield code="9">201302</subfield>
    <subfield code="e">fot&#xF3;grafo del autor</subfield>
  </datafield>
  <datafield tag="700" ind1=" " ind2=" ">
    <subfield code="a">Santos, Dulce Elvira de los,</subfield>
    <subfield code="d">1964-</subfield>
    <subfield code="q">(Santos Mata, Dulce Elvira de los)</subfield>
    <subfield code="9">60846</subfield>
    <subfield code="e">presentaci&#xF3;n</subfield>
  </datafield>
  <datafield tag="942" ind1=" " ind2=" ">
    <subfield code="2">ddc</subfield>
    <subfield code="c">BK</subfield>
  </datafield>
  <datafield tag="999" ind1=" " ind2=" ">
    <subfield code="c">114283</subfield>
    <subfield code="d">114283</subfield>
  </datafield>
  <datafield tag="952" ind1=" " ind2=" ">
    <subfield code="0">0</subfield>
    <subfield code="1">0</subfield>
    <subfield code="2">ddc</subfield>
    <subfield code="7">1</subfield>
    <subfield code="8">FBIU</subfield>
    <subfield code="a">Principal</subfield>
    <subfield code="d">2025-10-11</subfield>
    <subfield code="l">0</subfield>
    <subfield code="o">FBIU-EN NI-SA235L 2025</subfield>
    <subfield code="p">FBIU0924</subfield>
    <subfield code="r">2025-12-04 15:57:30</subfield>
    <subfield code="t">Ej.1</subfield>
    <subfield code="w">2025-12-04</subfield>
    <subfield code="y">BK-RES</subfield>
  </datafield>
</record>
